000
00271nam a2200121Ia 4500
100
_a
Mehrotra/C.L/ Auti/A.G
942
_c
BK
654
_a
Applied Mechanics
245
_a
Applied Mechanics
260
_b
New Vrinda Pub.
_a
Jalgaon
_c
1991
546
_a
ENGLISH
999
_c
19305
_d
19305